Διερεύνηση εφαρμογής της μεθόδου πλήρωσης ακτής στην παραλία της Ερεσσού στη Λέσβο : προτεινόμενες λύσεις βασισμένες σε συγκριτικά σενάρια αποτίμησης του κόστους : διατριβή ειδίκευσης [μεταπτυχιακή διατριβή]
Αποθηκεύτηκε σε:
| Κύριος συγγραφέας: | |
|---|---|
| Συγγραφή απο Οργανισμό/Αρχή: | |
| Μορφή: | Thesis Βιβλίο |
| Γλώσσα: | Greek |
| Δημοσίευση: |
2011.
|
| Θέματα: | |
| Διαθέσιμο Online: | http://hdl.handle.net/11610/13655 |
| Ετικέτες: |
Προσθήκη ετικέτας
Δεν υπάρχουν, Καταχωρήστε ετικέτα πρώτοι!
|
MARC
| LEADER | 00000cam a2200000 i 4500 | ||
|---|---|---|---|
| 001 | 1/34547 | ||
| 008 | 130814s2011 gr | | | |||| ||gre|| | ||
| 035 | |l 10115293 | ||
| 040 | |a GR-MyUa |b gre |e AACR2 | ||
| 041 | 0 | |a gre | |
| 082 | 7 | |a 551.457 |2 (22) | |
| 100 | 1 | |a Χατζηπαυλής, Αντώνιος. | |
| 245 | 1 | 0 | |a Διερεύνηση εφαρμογής της μεθόδου πλήρωσης ακτής στην παραλία της Ερεσσού στη Λέσβο : |b προτεινόμενες λύσεις βασισμένες σε συγκριτικά σενάρια αποτίμησης του κόστους : διατριβή ειδίκευσης [μεταπτυχιακή διατριβή] / |c Χατζηπαυλής Αντώνιος ; επιβλέπων καθηγητής: Βελεγράκης Αντώνιος. |
| 260 | |c 2011. | ||
| 300 | |a 102 σ. : |b πιν. ; |c 30 εκ. | ||
| 502 | |a Διατριβή (μεταπτυχιακή) – Πανεπιστήμιο Αιγαίου, Λέσβος, 2011. | ||
| 504 | |a Βιβλιογραφία: σ. 87-90, παράρτημα. | ||
| 650 | 0 | |a Coastal zone management |z Greece |z Eresos. | |
| 650 | 0 | |a Coast changes |z Greece |z Eresos. | |
| 650 | 0 | |a Littoral drift. | |
| 650 | 0 | |a Coastal engineering. | |
| 650 | 0 | |a Dissertations, Academic |z Greece. | |
| 700 | 1 | |a Βελεγράκης, Αντώνιος Φ. |e dgs | |
| 710 | 2 | |a Πανεπιστήμιο Αιγαίου |b Σχολή Περιβάλλοντος |b Τμήμα Επιστημών της Θάλασσας |b Πρόγραμμα Μεταπτυχιακών Σπουδών Διαχείριση Παράκτιων Περιοχών. | |
| 852 | |a INST |b LESVOS |c DIATR |e 20130814 |h 229 |p 005100053145 |q 005100053145 |t MTXE |y 23 | ||
| 852 | |a INST |b LESVOS |c DIATR |e 20130814 |h 230 |p 005100053146 |q 005100053146 |t MTXE |y 23 | ||
| 856 | |u http://hdl.handle.net/11610/13655 | ||
| 901 | |a BIBL1-2013-2 | ||
| 924 | |a Χατζηπαυλής |b Αντώνιος |y Λέσβος |z 2013-01 | ||
| 970 | |a ΤΖΑΦΕΡΗ |b ΕΥΑΓΓΕΛΙΑ |z 2013/08/21 | ||